| 000 | 00491nam a2200181Ia 4500 | ||
|---|---|---|---|
| 001 | 24704 | ||
| 005 | 20260414151101.0 | ||
| 008 | 260414t2017||||xx |||||||||||||| ||spa|| | ||
| 041 | _aESP | ||
| 082 |
_a345.725 _bP41 |
||
| 100 |
_aGaceta Jurídica _eAUT |
||
| 245 | 0 |
_aLa pensión alimenticia : _bque criterios usan los jueces en relación a su aumento o reducción |
|
| 260 | _c2017 | ||
| 300 |
_a143 páginas : _c24 cm. |
||
| 650 | _aDER | ||
| 654 | _aCDE | ||
| 942 |
_cLIB _dJUS _fJUS _2ddc _n |
||
| 999 |
_c24704 _d24704 |
||